| 000 | 01283nam a2200301 a 4500 | ||
|---|---|---|---|
| 001 | ebr10734619 | ||
| 003 | CaPaEBR | ||
| 006 | m o u | ||
| 007 | cr cn||||||||| | ||
| 008 | 130802s2013 njua s 001 0 eng d | ||
| 020 | _z9781118590683 | ||
| 020 | _z9781118662793 (e-book) | ||
| 040 |
_aCaPaEBR _cCaPaEBR |
||
| 035 | _a(OCoLC)857080186 | ||
| 050 | 1 | 4 |
_aHG4515.95 _b.Y938 2013eb |
| 082 | 0 | 4 |
_a332.64/202854678 _223 |
| 100 | 1 | _aYu, Jea. | |
| 245 | 1 | 0 |
_aWay of the trade _h[electronic resource] _btactical applications of underground trading methods for traders and investors / _cJea Yu. |
| 260 |
_aHoboken, N.J. : _bBloomberg Press, _cc2013. |
||
| 300 |
_a1 online resource (xxi, 346 p.) : _bill. (some col.) |
||
| 500 | _aIncludes index. | ||
| 533 |
_aElectronic reproduction. _bPalo Alto, Calif. : _cebrary, _d2015. _nAvailable via World Wide Web. _nAccess may be limited to ebrary affiliated libraries. |
||
| 588 | _aDescription based on online resource; title from title page (ebrary, viewed August 2, 2013). | ||
| 650 | 0 | _aElectronic trading of securities. | |
| 655 | 7 |
_aElectronic books. _2local |
|
| 710 | 2 | _aebrary, Inc. | |
| 856 | 4 | 0 |
_uhttp://site.ebrary.com/lib/rucke/Doc?id=10734619 _zAn electronic book accessible through the World Wide Web; click to view |
| 999 |
_c36872 _d36872 |
||